| 000 | 00758nam a2200217Ia 4500 | ||
|---|---|---|---|
| 999 |
_c43226 _d43226 |
||
| 003 | GCL | ||
| 005 | 20240530103903.0 | ||
| 008 | 140319s9999 xx 000 0 ara d | ||
| 040 |
_aGCL / _cGCL |
||
| 082 | 0 | 4 |
_a155.91 _bع ص |
| 100 | 1 | _aمايسة احمد النيال | |
| 245 | 1 | 0 |
_aصورة الجسم وبعض متغيرات الشخصية لدى عينات من المراهقات: دراسة ارتقائية ارتباطية غير ثقافية / _cمايسة احمد النيال |
| 300 | _a174 | ||
| 490 |
_aكتاب _v0 |
||
| 650 | 0 | 4 | _aعلم النفس |
| 650 | 0 | 4 | _aجسم الانسان |
| 650 | 0 | 4 | _aالمراهقة - علم نفس |
| 650 | 0 | 4 | _aالشكل العام |
| 700 | 1 | _aعلاء الدين كفافى | |
| 942 |
_2ddc _cBK |
||